Central Library OPAC University of Rajshahi

An introduction to Japanese society / (Record no. 34731)

MARC details
000 -LEADER
fixed length control field 01462Nam a2200313 a 4500
001 - CONTROL NUMBER
control field 34731
003 - CONTROL NUMBER IDENTIFIER
rucl marc code BD-RjUL
005 - DATE AND TIME OF LATEST TRANSACTION
control field 20211209052213.0
008 - FIXED-LENGTH DATA ELEMENTS--GENERAL INFORMATION
fixed length control field 140519r20001997enkab b 001 0 eng d
020 ## - INTERNATIONAL STANDARD BOOK NUMBER
International Standard Book Number 0521416922
International Standard Book Number 0521427045
035 ## - SYSTEM CONTROL NUMBER
System control number (BD-RjUL)34825
040 ## - CATALOGING SOURCE
Original cataloging agency DLC
Language of cataloging eng
Transcribing agency DLC
Modifying agency DLC
-- TOC
-- BD-RjUL
041 ## - LANGUAGE CODE
Language code of text/sound track or separate title eng
082 00 - DEWEY DECIMAL CLASSIFICATION NUMBER
Classification number 306.0952
Edition number 21
Author mark and year SUI 2000
100 1# - MAIN ENTRY--PERSONAL NAME
Personal name Sugimoto, Yoshio,
Dates associated with a name 1939-
9 (RLIN) 105667
245 13 - TITLE STATEMENT
Title An introduction to Japanese society /
Statement of responsibility, etc. Yoshio Sugimoto.
260 ## - PUBLICATION, DISTRIBUTION, ETC. (IMPRINT)
Place of publication, distribution, etc. Cambridge ;
-- New York :
Name of publisher, distributor, etc. Cambridge University Press,
Date of publication, distribution, etc. 1997 [REPRINTED 2000].
300 ## - PHYSICAL DESCRIPTION
Pagination x, 285 p. :
Illustrations ill., map ;
Size 23 cm.
504 ## - BIBLIOGRAPHY, ETC. NOTE
Bibliography, etc Includes bibliographical references (p. 260-274) and index.
505 0# - FORMATTED CONTENTS NOTE
Formatted contents note 1. The Japan Phenomenon and the Social Sciences -- 2. Class and Stratification: An Overview -- 3. Geographical and Generational Variations -- 4. Varieties in Work and Labor -- 5. Diversity and Unity in Education -- 6. Gender Stratification and the Family System -- 7. Minority Groups: Ethnicity and Discrimination -- 8. Collusion and Competition in the Establishment -- 9. Popular Culture and Everyday Life -- 10. Friendly Authoritarianism.
650 #0 - SUBJECT ADDED ENTRY--TOPICAL TERM
Topical term or geographic name as entry element National characteristics, Japanese.
9 (RLIN) 72192
651 #0 - SUBJECT ADDED ENTRY--GEOGRAPHIC NAME
Geographic name Japan
General subdivision Social conditions.
9 (RLIN) 6178
Geographic name Japan
General subdivision Social life and customs.
9 (RLIN) 105669
942 ## - ADDED ENTRY ELEMENTS (KOHA)
Source of classification or shelving scheme Dewey Decimal Classification
Koha item type Books
Holdings
Lost status Source of classification or shelving scheme Damaged status Not for loan Collection code Permanent Location Current Location Shelving location Date acquired Source of acquisition Total Checkouts Full call number Date last seen Copy number Koha item type
  Dewey Decimal Classification   Not For Loan Non-fiction Central Library, University of Rajshahi Central Library, University of Rajshahi Reading Room 10/02/2002 Japan Foundation, Gift.   306.0952 SUI 2000 19/05/2014 C-1 Books